[Event "Goch op 06th"]
[Site "Goch"]
[Date "1995.??.??"]
[Round "1"]
[White "Poell, Joerg"]
[Black "Senff, Martin"]
[Result "1/2-1/2"]
[WhiteElo "1775"]
[BlackElo "2225"]
[PlyCount "90"]
[EventDate "1995.10.??"]
[EventType "swiss"]
[EventRounds "7"]
[EventCountry "GER"]
[SourceTitle "EXT 1999"]
[Source "ChessBase"]
[SourceDate "1998.11.16"]
[SourceVersion "1"]
[SourceVersionDate "1998.11.16"]
[SourceQuality "1"]

1. e4 c5 2. Nf3 Nc6 3. d4 cxd4 4. Nxd4 Nf6 5. Nc3 d6 6. Bc4 e6 7. Be3 a6 8. f3 Bd7 9. Qd2 Rc8 10. Be2 Be7 11. 0-0 0-0 12. f4 b5 13. Bf3 Qc7 14. a3 Rfe8 15. g4 Nxd4 16. Bxd4 e5 17. Be3 Bxg4 18. Qg2 Bxf3 19. Rxf3 Qc4 20. Rf2 Kh8 21. Raf1 a5 22. fxe5 dxe5 23. Nd5 Bc5 24. Bxc5 Qxc5 25. Kh1 Rg8 26. Qf3 Nxd5 27. exd5 f6 28. Rd2 b4 29. Rc1 bxa3 30. bxa3 Qc3 31. Rd3 Qb2 32. Qd1 Rc3 33. Rxc3 Qxc3 34. a4 e4 35. Qe2 Qe5 36. c4 f5 37. Rf1 f4 38. d6 e3 39. c5 Rf8 40. d7 Qd5+ 41. Kg1 h6 42. Qxe3 Qxd7 43. Rxf4 Re8 44. Qd4 Qc6 45. Qf2 Kg8 1/2-1/2